عرض عادي
عرض مارك
- Kuich, Werner,
مدخل إسم شخص
001 - رقم الضبط
- حقل الضبط: 8891
003 - معرف رقم الضبط
- حقل الضبط: OSt
005 - تاريخ ووقت أخر عملية
- حقل الضبط: 20111222105908.0
008 - عناصر بيانات ثابتة الطول
- حقل تحكم ثابت الطول: 111222|||a|||||| | ||| d
040 ## - مصدر الفهرسة
- هيئة الفهرسة الأصلية: OSt
- وكالة الكتابة: OSt
100 ## - مدخل -- أسم شخص
- إسم شخص: Kuich, Werner,
- تواريخ مرتبطة بالاسم: 1941-
670 ## - بيانات المصدر موجوده
- الاستشهاد بالمصدر: Work cat.: (OSt)3607: Conference on Developments in Language Theory (5th : 2001 : Wein, Austria) 8889, Developments in language theory :, c2002.
